| 000 | 01129cab a2200253 4500 | ||
|---|---|---|---|
| 001 | ABS58492 | ||
| 008 | 090401t1998 xxu||||| |||| 00| 0 eng d | ||
| 035 | _a(Sirsi) u85275 | ||
| 041 | _aeng | ||
| 245 | _aMichael Harwood t/a RSBS Group v Smith and another | ||
| 260 | _c1998 | ||
| 350 | _a0 | ||
| 490 |
_aEstates Gazette Law Reports _v[1998] 11 EG 178-182(5) |
||
| 520 | _aCA 14 November 1997. Whether plaintiff estate agent entitled to commission for an exhange of contracts which occurred after the expiration of sole selling right period and which did not involve an introduction by the estate agent. Plaintiff appealed the decision of the court below who held that on true construction of the agreement he was not entitled to pursue his claim. Held: Plaintiff`s appeal dismissed. | ||
| 650 | _aCOMMISSION | ||
| 650 | _aENTITLEMENT | ||
| 650 | _aESTATE AGENT | ||
| 650 | _aESTATE AGENTS (PROVISION OF INFORMATION) REGULATIONS 1991 | ||
| 650 | _aINTRODUCTION | ||
| 650 | _aSOLE SELLING RIGHTS AGREEMENT | ||
| 690 | _aMANAGEMENT-BUSINESS MANAGEMENT-PROFESSIONAL PRACTICE | ||
| 942 | _n0 | ||
| 948 | _c27/03/1998 | ||
| 999 |
_c53613 _d53613 |
||